| 000 | 00681nam a2200253Ia 4500 | ||
|---|---|---|---|
| 008 | 160803s9999 xx 000 0 und d | ||
| 020 | _a0 545139929 | ||
| 100 | _aJoosse, Barbara | ||
| 245 | _aGrandma calls me Beautiful / | ||
| 245 | _cby Barbara M. Joosse ; illustrated by Barbara Lavallee. | ||
| 260 | _aNew York : | ||
| 260 | _bScholastic Inc. | ||
| 260 | _c2008 | ||
| 300 | _a1 volume (unpaged) : | ||
| 300 | _bcolor illustrations ; | ||
| 300 | _c25 cm | ||
| 650 | _aGrandmothers -- | ||
| 650 | _aHawaii -- | ||
| 650 | _aStorytelling -- | ||
| 650 | _xJuvenile fiction. | ||
| 650 | _xJuvenile fiction. | ||
| 650 | _xJuvenile fiction. | ||
| 700 | _a550 | ||
| 999 |
_c299500 _d299500 |
||